000 00646nam a2200241Ia 4500
003 OSt
005 20221007073054.0
006 a|||||r|||| 00| 0
007 ta
008 221006b |||||||| |||| 00| 0 eng d
024 _a24,749
037 _cTextual
040 _aFLL
_cFLL
_beng
041 _2eng
_aeng
082 _aZ3y7, L3
100 _aZander Michael
_9688813
245 0 _aCases and materials on the english legal system
250 _a2nd
260 _aLondon
_bWeidenfeld and Nicolson London
_c1973
300 _axxv,1-492p
_ccm.
942 _hZ3y7, L3
_cTEXL
_2CC
999 _c1147622
_d1147622